Ελλάδα του '44

Αποθηκεύτηκε σε:
Λεπτομέρειες βιβλιογραφικής εγγραφής
Κύριος συγγραφέας: Kessel, Dmitri
Μορφή: Βιβλίο
Γλώσσα:Greek
Δημοσίευση: Αθήνα : Αμμος, 1994
Θέματα:
Ετικέτες: Προσθήκη ετικέτας
Δεν υπάρχουν, Καταχωρήστε ετικέτα πρώτοι!

MARC

LEADER 00000cam a2200000 i 4500
001 1/98137
008 950307s1994 gre d
020 |a 960-202-117-9 
035 |l 10010824 
040 |a GR-MY-UA  |b gre  |e aacr 
041 0 |a gre 
082 0 |a 779.3509495 
100 1 |a Kessel, Dmitri. 
245 1 0 |a Ελλάδα του '44 /  |c Dmitri Kessel 
260 |a Αθήνα :   |b Αμμος,   |c 1994 
300 |a 199 σ.  |b εικ. 
651 0 |a Greece  |x History  |y Civil War, 1944-1949  |x Pictorial works. 
852 |a INST  |b LESVOS  |e 19950307  |h 779.3509495 KES  |p 005100002612  |q 005100002612  |t BK  |y 0 
909 |a Λ  |b 039713